000 00540nam a2200169Ia 4500
008 230718s9999 xx 000 0 und d
041 _aeng
082 _a620
_bDAV
100 _aDavidson F.P.
245 _aEncyclopedia Of The Great Engineering Projects In History
_bBuilding The World Vol.I
260 _c2009
_bPentagon & Greenwood Press
300 _a450
_dRef 348 G (32291), Ref 349 G (32292)
365 _cRs.
_b4500.00
500 _a348Gen
700 _aDavidson F.P. & Brooke K.L.
906 _dB:108090127403-Mar-2009
_cGENRL
_b900
999 _c321085
_d321085